<?xml version="1.0" encoding="UTF-8"?>
<marc:record xmlns:marc="http://www.loc.gov/MARC21/slim">
   <marc:leader>00000nam a2200000 a 4500</marc:leader>
   <marc:datafield ind1="0" ind2="0" tag="245">
      <marc:subfield code="a">Prinzessin Emmy und ihre Pferde</marc:subfield>
   </marc:datafield>
   <marc:datafield ind1="0" ind2="0" tag="245">
      <marc:subfield code="b">Der magische Zirkus</marc:subfield>
   </marc:datafield>
   <marc:datafield ind1=" " ind2="1" tag="264">
      <marc:subfield code="a">Berlin</marc:subfield>
      <marc:subfield code="b">Balloon Egmont</marc:subfield>
      <marc:subfield code="c">2013</marc:subfield>
   </marc:datafield>
   <marc:datafield ind1=" " ind2=" " tag="250">
      <marc:subfield code="a">1. Aufl.</marc:subfield>
   </marc:datafield>
   <marc:datafield ind1="1" ind2=" " tag="520">
      <marc:subfield code="a">Angaben aus der Verlagsmeldung &#xD;
&#xD;
 Prinzessin Emmy und ihre Pferde - Zirkus in Kokolores  / von Heike Grosse&#xD;
&#xD;
Neue Aufregung in Kokolores! Ein Wanderzirkus ist in die Kokolores gekommen und errichtet seine bunt glitzernden Zelte. Prinzessin Emmy ist ganz aufgeregt: Die Vorstellung verspricht großartig zu werden, doch schnell finden Emmy und ihr Freund David heraus, dass der schöne Schein trügt und der Zirkus dringend Hilfe braucht. Emmy will sofort einspringen, aber es bahnen sich noch andere große Aufgaben an. Ihre Mutter Karla erinnert sie daran, dass sie für einen bevorstehenden Staatsbesuch eine Parade mit ihren Pferden einstudieren muss - also gleich zwei große Herausforderungen auf einmal! Gut, dass Emmy auf ihre wunderbaren Pferde zählen kann und einige sogar ungeahnte Talente für akrobatische Zirkusnummer zeigen. Aber was wird der Staatsgast dazu sagen?</marc:subfield>
   </marc:datafield>
   <marc:datafield ind1=" " ind2=" " tag="020">
      <marc:subfield code="a">9783864581298</marc:subfield>
      <marc:subfield code="9">9783864581298</marc:subfield>
   </marc:datafield>
   <marc:datafield ind1=" " ind2=" " tag="020">
      <marc:subfield code="a">386458129X</marc:subfield>
      <marc:subfield code="9">386458129X</marc:subfield>
   </marc:datafield>
   <marc:datafield ind1=" " ind2=" " tag="041">
      <marc:subfield code="a">ger</marc:subfield>
   </marc:datafield>
   <marc:datafield ind1=" " ind2=" " tag="300">
      <marc:subfield code="b">zahlr. Ill.</marc:subfield>
   </marc:datafield>
   <marc:datafield ind1=" " ind2=" " tag="338">
      <marc:subfield code="a">Band</marc:subfield>
   </marc:datafield>
   <marc:datafield ind1=" " ind2=" " tag="300">
      <marc:subfield code="a">[32] S.</marc:subfield>
   </marc:datafield>
</marc:record>
